| 000 | 00625nam a22001937a 4500 | ||
|---|---|---|---|
| 999 |
_c166085 _d166085 |
||
| 005 | 20220216143625.0 | ||
| 010 | _aENG-125894 | ||
| 020 |
_a9788180903687 _c450.00 |
||
| 035 | _aEN-109426 | ||
| 037 | _bDBAD/PUB | ||
| 082 | _a230 | ||
| 100 | _aWaterhouse, Eric S. | ||
| 245 |
_aThe Philosophical Approach to Religion / _cby Eric S. Waterhouse |
||
| 260 |
_aDelhi _bBharatiya Kala Prakashan _c2018 |
||
| 270 |
_a3421-A, IInd Floor, Narang Colony, Tri Nagar _bDelhi _e110035 _k011-27393083 _msaies.pkbooks@gmail.com |
||
| 300 |
_a194p. _c22cm(Hb) |
||
| 500 | _aIncludes index | ||
| 942 |
_2ddc _cEN _h230 _mWAT |
||